Statistiken für Zusammengefügte Länder #3

Klicken Sie hier um das Quiz zu spielen!

Allgemein

  • Dieses Quiz wurde 8.536 mal gespielt
  • Das Durchschnittsergebnis liegt bei 14 aus 20

Antworten auf der Karte

Die Antworten werden auf der Karte rot bzw. grün angezeigt, abhängig davon wie oft sie richtig erraten wurden.
 

Antwortstatistiken

Land% Korrekt
Norwegen
88%
Schweden
88%
Brasilien
86%
Uruguay
84%
Indien
82%
Sudan
80%
Pakistan
79%
Südsudan
76%
Irak
67%
Syrien
66%
Serbien
63%
Montenegro
60%
Peru
60%
Ecuador
58%
Mosambik
58%
Algerien
56%
Tunesien
56%
Simbabwe
55%
Suriname
55%
Frankreich
54%

Verteilung der Resultate

Perzentil nach korrekt beantworteten Fragen

Anzahl Personen mit jedem Resultat

Ihre Resultats-Entwicklung

Sie haben dieses Quiz noch nicht gespielt